000 00946nam a2200253 i 4500
001 14943
003 ES-MaACL
005 20230906150937.0
007 t|
008 991122s1999 sp ||||1| spa d
020 _a84-451-1597-9
080 _a396(4/6-015)(063)
111 2 _aEncuentros Euromediterráneos para el Desarrollo (
_n2º.
_d1998.
_cRabat)
_9639
245 1 0 _aMujeres y desarrollo
_b: II Encuentros Euromediterráneos para el Desarrollo /
_ccoordina Paloma Sancho Martín.
260 _aMadrid :
_bDirección General de la Mujer,
_c1999.
300 _a307 p. ;
_c22 cm.
490 1 _aPublicaciones ;
_v9
650 1 4 _aMujeres-
_zMediterráneo (Región)-
_vCongresos y asambleas.
_915303
700 1 _aSancho Martín, Paloma.
_9103046
710 1 _aMadrid (Comunidad Autónoma).
_bDirección General de la Mujer.
_95615
830 0 _aPublicaciones ;
_v9
_9179698
852 _aES-MaACL
_jL-22196
_bR.127594
999 _c14943
_d14943